00352 2200145 4500001002100000005001500021035002000036245004800056100001600104250000600120260003400126082000800160084001400168990002400182INLIS00000000000252820250604120224 a0010-06250001141 aDua Wajah dan Sebuah Sisipan /cSN. Ratmana0 aSN. Ratmana a1 aJakarta :bKepel Press,c2001 a800 a800 SN. d a01.1415 s/d 01.1418